| 000 | 00930nam a2200289 a 4500 | ||
|---|---|---|---|
| 001 | 0044465 | ||
| 003 | DO-SdBNP | ||
| 005 | 20180313141332.0 | ||
| 007 | 0044465 | ||
| 008 | 140702s2013 dr ac 000 0 spa d | ||
| 020 | _a9789945472288 | ||
| 040 |
_aBPMSU _bspa _cBPMSU |
||
| 082 | 0 | 4 |
_a378.53 _bS276f 1ro. 2013 |
| 100 | 1 | _a Sbriz, Luciano | |
| 245 | 1 | 0 |
_aFísica 1 : _bprácticas de laboratorio / _c Luciano Sbriz |
| 260 |
_aSanto Domingo : _b INTEC, _c 2013 |
||
| 300 |
_a 88 p. : _bil. ; _c28 cm. |
||
| 650 | 4 |
_aFÍSICA _xENSEÑANZA SUPERIOR |
|
| 650 | 4 |
_aFÍSICA _xEDUCACIÓN SUPERIOR |
|
| 650 | 4 |
_aEDUCACIÓN SUPERIOR _zREPÚBLICA DOMINICANA |
|
| 650 | 4 |
_aFÍSICA _xMANUALES DE LABORATORIO |
|
| 710 | 2 | _4Instituto Tenológico de Santo Domingo | |
| 910 | _aValidado. Control de calidad MFF | ||
| 942 |
_2ddc _cBK |
||
| 945 | _aRemanejado para la BNPHU / 2018 BT | ||
| 956 |
_aVMATEO _b10 _c20160511 _lBPMSU _h0069 |
||
| 999 |
_c10078 _d10078 |
||